<?xml version="1.0" encoding="UTF-8"?><?xml-stylesheet type="text/xsl" href="static/style.xsl"?><OAI-PMH xmlns="http://www.openarchives.org/OAI/2.0/" xmlns:xsi="http://www.w3.org/2001/XMLSchema-instance" xsi:schemaLocation="http://www.openarchives.org/OAI/2.0/ http://www.openarchives.org/OAI/2.0/OAI-PMH.xsd"><responseDate>2026-06-03T03:11:55Z</responseDate><request verb="GetRecord" identifier="oai:riuma.uma.es:10630/41026" metadataPrefix="marc">https://riuma.uma.es/rest/oai/request</request><GetRecord><record><header><identifier>oai:riuma.uma.es:10630/41026</identifier><datestamp>2026-02-03T11:19:03Z</datestamp><setSpec>com_10630_2254</setSpec><setSpec>col_10630_37953</setSpec></header><metadata><record xmlns="http://www.loc.gov/MARC21/slim" xmlns:dcterms="http://purl.org/dc/terms/" xmlns:doc="http://www.lyncode.com/xoai" xmlns:xsi="http://www.w3.org/2001/XMLSchema-instance" xsi:schemaLocation="http://www.loc.gov/MARC21/slim http://www.loc.gov/standards/marcxml/schema/MARC21slim.xsd">
   <leader>00925njm 22002777a 4500</leader>
   <datafield ind2=" " ind1=" " tag="042">
      <subfield code="a">dc</subfield>
   </datafield>
   <datafield ind2=" " ind1=" " tag="720">
      <subfield code="a">Ulzurrun, Eugenia</subfield>
      <subfield code="e">author</subfield>
   </datafield>
   <datafield ind2=" " ind1=" " tag="720">
      <subfield code="a">Grande-Pérez, Ana</subfield>
      <subfield code="e">author</subfield>
   </datafield>
   <datafield ind2=" " ind1=" " tag="720">
      <subfield code="a">Del Hoyo, Daniel</subfield>
      <subfield code="e">author</subfield>
   </datafield>
   <datafield ind2=" " ind1=" " tag="720">
      <subfield code="a">Guevara, César</subfield>
      <subfield code="e">author</subfield>
   </datafield>
   <datafield ind2=" " ind1=" " tag="720">
      <subfield code="a">Gil, Carmen</subfield>
      <subfield code="e">author</subfield>
   </datafield>
   <datafield ind2=" " ind1=" " tag="720">
      <subfield code="a">Sorzano, Carlos Óscar</subfield>
      <subfield code="e">author</subfield>
   </datafield>
   <datafield ind2=" " ind1=" " tag="720">
      <subfield code="a">Campillo, Nuria E.</subfield>
      <subfield code="e">author</subfield>
   </datafield>
   <datafield ind2=" " ind1=" " tag="260">
      <subfield code="c">2024-08-15</subfield>
   </datafield>
   <datafield ind2=" " ind1=" " tag="520">
      <subfield code="a">Las variantes de SARS-CoV-2 se caracterizan por mutaciones específicas respecto al genoma de Wuhan, pero las mutaciones no definitorias de clado también pueden alterar la estructura y función de las proteínas virales y contribuir al fallo vacunal. El objetivo fue identificar mutaciones en todo el genoma viral asociadas a fallos de vacunación y analizar las propiedades fisicoquímicas de los cambios de aminoácidos resultantes. Se recuperaron secuencias completas del SARS-CoV-2 de pacientes con COVID-19 de GISAID: 7.154 genomas de Italia y 8.819 de España. Las mutaciones con frecuencia ≥10% se agruparon según combinaciones idénticas de aminoácidos. En clados 21L, 22B/22E, 22F/23A (Omicron) y 21J (Delta) se identificaron conjuntos de mutaciones no definitorias asociadas a fallo vacunal. En Italia, cuatro conjuntos incluían combinaciones como L3201F (ORF1a), A27-, I68-, R346T y F486P en la proteína S, y G30- en N. En España, dos conjuntos del clado Delta mostraron mutaciones simultáneas en ORF1a, ORF1b, S y N vinculadas al fallo vacunal. Las dosis de refuerzo ofrecieron una protección ligeramente mayor frente a Omicron. Predominaron sustituciones hidrofóbicas y polares, sugiriendo posibles alteraciones estructurales o funcionales. Los resultados indican que mutaciones no definitorias a lo largo del proteoma viral pueden influir en la eficacia vacunal.</subfield>
   </datafield>
   <datafield ind2=" " ind1=" " tag="520">
      <subfield code="a">SARS-CoV-2 variants are defined by genome-wide mutations relative to the Wuhan strain, yet non–clade-defining mutations may also affect protein structure and contribute to vaccine failure. This study aimed to identify mutations across the full viral genome associated with vaccine failure and assess the physicochemical effects of resulting amino acid changes. Whole-genome sequences from COVID-19 patients were retrieved from GISAID: 7,154 genomes from Italy and 8,819 from Spain. Mutations with ≥10% frequency were grouped by identical amino acid combinations. Non-defining mutations from clades 21L, 22B/22E, 22F/23A (Omicron) and 21J (Delta) were linked to vaccine failure. In Italy, four sequence sets carried combinations such as L3201F (ORF1a), A27-, I68-, R346T and F486P in S, and G30- in N. In Spain, two Delta-associated sets showed concurrent mutations in ORF1a, ORF1b, S and N. Booster doses improved protection modestly against Omicron. Hydrophobic and polar substitutions were predominant, suggesting structural or functional impact. These findings indicate that non–clade-defining mutations across the SARS-CoV-2 proteome may influence vaccine effectiveness.</subfield>
   </datafield>
   <datafield ind1="8" ind2=" " tag="024">
      <subfield code="a">Ulzurrun E,  Grande-Pérez A, del Hoyo D, Guevara C, Gil C, Sorzano CO and Campillo NE (2024) Unlocking the puzzle: non-defining mutations in SARS-CoV-2 proteome may affect vaccine effectiveness. Front. Public Health 12:1386596. doi: 10.3389/fpubh.2024.1386596</subfield>
   </datafield>
   <datafield ind1="8" ind2=" " tag="024">
      <subfield code="a">https://hdl.handle.net/10630/41026</subfield>
   </datafield>
   <datafield ind1="8" ind2=" " tag="024">
      <subfield code="a">10.3389/fpubh.2024.1386596</subfield>
   </datafield>
   <datafield tag="653" ind2=" " ind1=" ">
      <subfield code="a">COVID-19 - Prevención</subfield>
   </datafield>
   <datafield tag="653" ind2=" " ind1=" ">
      <subfield code="a">Vacunas virales</subfield>
   </datafield>
   <datafield tag="653" ind2=" " ind1=" ">
      <subfield code="a">Mutación microbiana</subfield>
   </datafield>
   <datafield tag="653" ind2=" " ind1=" ">
      <subfield code="a">SARS-CoV-2 (Virus)</subfield>
   </datafield>
   <datafield ind2="0" ind1="0" tag="245">
      <subfield code="a">Unlocking the puzzle: non-defining mutations in SARS-CoV-2 proteome may affect vaccine effectiveness.</subfield>
   </datafield>
</record>
</metadata></record></GetRecord></OAI-PMH>